| 000 | 01489nam0a2200373 4500 | ||
|---|---|---|---|
| 001 | RU\NLR\bibl\1809364 | ||
| 005 | 20250616153038.0 | ||
| 010 |
_a978-5-7695-7429-0 _91000 |
||
| 021 |
_aRU _b2011-62328 _94373 |
||
| 035 | _a(nilc)RSL-KNO-004990173 | ||
| 035 | _a(NLR Aleph) 001799990 | ||
| 090 |
_a1790860 _c1790860 |
||
| 100 | _a20110816d2011 |||y0rusy50 ca | ||
| 101 | 0 | _arus | |
| 102 | _aRU | ||
| 105 | _aa z ||||| | ||
| 200 | 1 |
_aОсновы экономической теории _eучебник _e[для учащихся учреждений начального профессионального образования] _fН.П. Котерова |
|
| 210 |
_aМосква _cАкадемия _d2011 |
||
| 215 |
_a314, [1] с. _cил. _d22 |
||
| 225 | 1 |
_aНачальное профессиональное образование _iБухгалтер |
|
| 225 | 1 | _aУчебник | |
| 320 | _aБиблиогр.: с. 310 | ||
| 606 | 1 |
_aЭкономика _jУчебники для начального профессионального образования _xТеория _91565397 _3RU\NLR\auth\66985247 |
|
| 686 |
_aУ01я722-1 _2rubbk |
||
| 686 | _aУ010я722 | ||
| 700 | 1 |
_aКотерова _bН. П. _gНаталья Петровна _4070 |
|
| 801 | 0 |
_aRU _bRuMoRKP _c20110816 _grcr |
|
| 801 | 1 |
_aRU _bРГБ _c20110816 |
|
| 801 | 2 |
_aRU _bNLR _c20110915 _grcr |
|
| 830 | _aАвт. по кн. | ||
| 942 | _cBOOK | ||
| 980 | _aNB | ||
| 980 | _aNBR | ||